Svieži závan tvorivosti mladí slovenskí dizajnéri sa znova blysli priehrštím nápadov, a tak ako po iné roky zbierajú ceny, tentoraz za obalovú techniku

Bibliographic Details
Main Author: Krištofičová, Dagmar (Author)
Format: Article
Language:Slovak
ISSN:1335-4620
Subjects:

MARC

LEADER 00000nab a2200000 a 4500
001 vtls000789473
003 SK-MaSNL
005 20260303165255.0
008 180206c2002 xo 0 slo
015 |a SNBRB2002/04-11400 
035 |a CLN000141128 
040 |a SNKBUCL  |b slo  |c SNKBUCL  |e AACR2 
041 0 |a slo 
044 |a xo  |c SK 
080 |a 7.05:621.798  |2 UDC-MRF-SK2 
080 |a 621.798  |2 UDC-MRF-SK2 
100 1 |a Krištofičová, Dagmar  |4 aut  |9 7033 
245 1 0 |a Svieži závan tvorivosti  |b mladí slovenskí dizajnéri sa znova blysli priehrštím nápadov, a tak ako po iné roky zbierajú ceny, tentoraz za obalovú techniku  |c Dagmar Krištofičová 
650 0 7 |a obalový dizajn  |2 snkbucl  |9 57031 
655 7 |a články z novín a časopisov  |2 snkbucl  |9 267496 
773 0 |x 1335-4620  |t Profit  |g Roč. 10, č. 13 (2002), s. 50 
850 |a Slovenská národná knižnica v Martine 
852 |a SNK  |b KIS3GCP 
958 |a RBX 
999 |c 2070821  |d 2072751